| 000 | 00666nam a22002417a 4500 | ||
|---|---|---|---|
| 999 |
_c308014 _d308014 |
||
| 001 | 21807 | ||
| 003 | UA-OsUOA | ||
| 005 | 20200224143011.0 | ||
| 007 | ta | ||
| 008 | 20031214b un ||||| |||| 00| 0 ukr d | ||
| 020 | _a966580085Х | ||
| 040 |
_aUA-OsUOA _bukr _cUA-OsUOA _dUA-OsUOA |
||
| 041 | _aukr | ||
| 044 | _aUA | ||
| 080 | _a004.38 | ||
| 090 |
_a004.38 _bІ-99 |
||
| 245 |
_aІнформатика. Комп'ютерна техніка. Комп'ютерні технології _bпосібник _cред. О. І. Пушкарь |
||
| 260 |
_aКиїв _bАкадемія _c2001 |
||
| 300 | _a696 с. | ||
| 650 | 7 | _2UDC | |
| 942 |
_cBK _2udc |
||
| 955 | _a0 | ||